MARC

LEADER 00000nam0a2200000 4500
001 367937
005 20231102012031.0
035 |a (RuTPU)RU\TPU\retro\25300 
090 |a 367937 
100 |a 20220328d1980 km y0rusy50 ca 
101 0 |a rus 
102 |a RU 
105 |a a f 000zy 
200 1 |a Москва  |e энциклопедия  |f гл. ред. А. Л. Нарочницкий 
210 |a Москва  |c Советская энциклопедия  |d 1980 
215 |a 688 с.  |c ил. 
606 1 |a Энциклопедии  |2 stltpush  |3 (RuTPU)RU\TPU\subj\21381  |9 46387 
610 1 |a Москва 
610 1 |a история 
610 1 |a природные условия 
610 1 |a экономика 
610 1 |a культура 
610 1 |a научные учреждения 
610 1 |a исторические памятники 
610 1 |a улицы 
610 1 |a биографические очерки 
610 1 |a знаменитости 
686 |a Я20  |v LBC/SL-A  |2 rubbk 
702 1 |a Нарочницкий  |b А. Л.  |4 340 
801 1 |a RU  |b 63413507  |c 20220328 
801 2 |a RU  |b 63413507  |c 20230623  |g RCR 
942 |c BK